Effectif du stade rennais - Statistiques

Statistiques générales
  • Ce quiz a été pris 110 fois
  • Le résultat moyen est 21 sur 27
Statistiques - réponses
Hint Réponse % Correct
Gardien Gomis
96%
Attaquant Terrier
95%
Milieu Bourigeaud
92%
Attaquant Laborde
91%
Défenseur Traoré
91%
Défenseur Truffert
91%
Défenseur Aguerd
90%
Attaquant Doku
89%
Gardien Salin
87%
Milieu Majer
86%
Attaquant Sulemana
85%
Gardien Alemdar
84%
Défenseur Omari
83%
Milieu Santamaria
83%
Défenseur Meling
82%
Milieu Tait
82%
Défenseur Assignon
75%
Défenseur Badé
73%
Attaquant Guirassy
73%
Milieu Martin
69%
Attaquant Tel
59%
Milieu Ugochukwu
58%
Attaquant Abline
54%
Gardien Bonet
54%
Attaquant Tchaouna
49%
Défenseur Gélin
42%
Milieu Diouf
41%
Aucun quiz correspondant
Distribution des résultats
% des personnes avec chaque résultat
Percentile par nombre de réponses
Votre historique - résultats
Vous n’avez pas pris ce quiz